00508 a2200145 450000500170000002000220001708200170003910000190005624500390007525000120011426000430012630000740016970000350024385600840027820250505153126.0 a978-0-07-301250-6 a658.15 BRE aBREALEY, R. A. aFundamentals of Corporate Finance. a5th Ed. aNew York,bMcgraw- Hill Irwin, c2007. axxx,722p.: Ill.;figures , picture & tablebGlossary & Indexc27cm. aMYERS, S. C. & MARCUS, A. J. yAccess Online BookfFundamentals of Corporate Financedwww.dushkin.com/powerweb